000 00663nmm a2200241 a 4500
003 AR-BaBNM
005 20251128202930.0
008 266019s1959 ||||||||||||||000 | spa||
040 _cAR-BaBNM
100 1 _aBiedma, Juan Martín
245 1 0 _aLos Rodríguez Peña y la emancipación argentina
260 _aBuenos Aires
_bImprenta de Juan Martín Biedma
_c1959
300 0 _a157 p.
_blams., facsím.
650 4 _aHISTORIA ARGENTINA
650 4 _aBIOGRAFIAS
650 4 _aGUERRAS DE LA INDEPENDENCIA
650 4 _aREVOLUCION DE MAYO
650 4 _aSOCIEDADES SECRETAS
651 4 _aUruguay
655 _aBIOGRAFIAS
942 _cBK
998 _cEnrique
999 _c1204
_d1204